01048 2200241 4500001002100000005001500021035002000036007000300056008004100059020002200100082001000122084001600132100003200148245011900180250000700299260006500306300002900371700002500400700003700425650002900462520029800491990001700789INLIS00000000000049620260430021334 a0010-0523000038ta260430 c 1 ind  a978-602-367-406-0 a741.5 a741.5 MUH f0 aMuhammad Yahtadily Ukhrowiy1 aFoto Misterius :bnext g /cMuhammad Yahtadily Ukhrowiy , dkk ; gambar ; Asti, dkk ; penyunting, Wiwiwt Wijiastuti aII aBandung :bMuffin Granphics ( PT Cerita Anak Bangsa),c2017 a104 :bilus. ;c21 cme-0 aAsti, dkk ( Gambar )0 aWiwiwt Wijiastuti ( penyunting ) 4aKomik - Bacaan anak-anak aSaat mendatangi sebuah galeri seni, James menemukan kejanggalan pada sebuah foto. Ditambah lagi, terjadi pencurian koleksi seni di museum itu. Semua tampak mencurigakan. Adakah hubungannya antara foto misterius dan pencurian itu? Yuk, kita lihat aksi Detektif James dalam memecahkan kasus ini! a00062/K/2019